000 08422nam a22006137a 4500
005 20120221124828.0
010 _aB-472819-850
020 _a9788121615082
_c60.00
035 _aB-472819-850
037 _bब्लूबेरी बुक्स
082 _a921
100 _aसाहिल, संजीव मनोहर
_950638
245 _aमहान क्रिक्रेटरःसचिन तेंदुलकरः
_cसंजीव मनोहर साहिल
_bबच्चों और किशोरो के लिए जीवनियां /
260 _aनई दिल्ली
_bहिन्द पॉकेट बुक्स
_c2011
270 _aजे-40, जोरबाग लेन
_bनई दिल्ली
_e110003
300 _a64पृ
_bसचित्र
_c22सेमी (अजिल्द)
700 _942649
700 _942654
942 _2ddc
_cCH
_mतेंदुल
_h921
999 _c63260
_d63260